| 000 | 02446nam0a2200409 4500 | ||
|---|---|---|---|
| 001 | RU\NLR\bibl\1280838 | ||
| 005 | 20260408080306.0 | ||
| 010 |
_a5-89982-207-4 _d65 р. _9150 |
||
| 021 |
_aRU _b2008-63517 _93609 |
||
| 035 | _a(nilc)EL/0000203968 | ||
| 035 | _a(NLR Aleph) 001266614 | ||
| 090 |
_a412719 _c412719 |
||
| 100 | _a20080709d2007 |||y0rusy50 ca | ||
| 101 | 0 | _arus | |
| 102 | _aRU | ||
| 105 | _aa z ||||| | ||
| 200 | 1 |
_aОпытно-экспериментальная работа в учреждениях образования Омской области - участниках экспериментальной площадки Российской академии образования "Разработка пилотного проекта интегрированных научно-образовательных структур" _eсб. ст. _fМ-во образования Ом. обл., Гос. образоват. учреждение Ом. обл. доп. проф. образования "Ин-т развития образования Ом. обл." _g[под общ. ред. Т. С. Горбуновой] |
|
| 210 |
_aОмск _cИн-т развития образования Ом. обл. _d2007 |
||
| 215 |
_a71 с. _cил., табл. _d21 |
||
| 606 | 1 |
_aИнновации педагогические _jСборники _yОмская область _92530413 _3RU\NLR\auth\661498837 |
|
| 606 | 1 |
_aОбразование _jСборники _xИнтеграция _yОмская область _92530419 _3RU\NLR\auth\661498839 |
|
| 610 | 1 | _aОбразование в Омской области | |
| 610 | 1 | _aОбразовательные учреждения | |
| 610 | 1 | _aШкола омская | |
| 610 | 1 | _aЭксперимент школьный | |
| 610 | 1 | _aЭкспериментальная работа | |
| 686 |
_a74.04(2Рос53-Ом) _vLBC/RL _2rubbk |
||
| 686 | _aЧ34(2Р-4Ом)я43 | ||
| 686 | _aЧ312я43 | ||
| 702 | 1 |
_4340 _7ca _8rus _aГорбунова _bТ. С. _gТатьяна Станиславовна _953327 _3RU\NLR\auth\7770399 |
|
| 712 | 0 | 2 |
_4570 _aИнститут развития образования Омской области _9681178 _3RU\NLR\AUTH\8810089910 |
| 801 | 0 |
_aRU _bОмская ГОНБ _c20080709 _grcr |
|
| 801 | 1 |
_aRU _bОмская ГОНБ _c20080709 _2rusmarc |
|
| 801 | 2 |
_aRU _bNLR _c20081003 _grcr |
|
| 942 | _cBOOK | ||
| 980 | _aNB | ||